| 000 | 01031nam a22002657a 4500 | ||
|---|---|---|---|
| 005 | 20081104115030.0 | ||
| 008 | 081104t xxu||||| |||| 00| 0 ur d | ||
| 010 | _aUR-7240 | ||
| 020 | _c175.00 | ||
| 035 | _aU-5807 | ||
| 037 | _bD.B.Act / Pub | ||
| 082 | _a331.124 | ||
| 100 | _aبلگر امی ،اطہر رضا | ||
| 245 |
_aمعا ش اور معشر ت _cاطہر رضا بلگرا می _b(انتخا ب مضا مين ) |
||
| 246 |
_aMaash aur Maashrat(Intakhabe Mazamin) _bby Balgrami Atthar Raza |
||
| 260 |
_aنئ دھلی _bمکتبہ جا معہ _c2006 |
||
| 270 |
_aجا معہ نگر _bنئ دھلی _e110025 |
||
| 300 |
_a200p _b22cm (pbk) |
||
| 650 | _aمعا شيا ت | ||
| 650 | _aEconomical | ||
| 700 | _aاختر الوا سع | ||
| 710 | _aفر حت احسا س | ||
| 942 |
_adpl _cUR _2ddc _h331.124 _mب ل گ |
||
| 999 |
_c2899 _d2899 |
||